000 00589nas a22001817a 4500
003 IIN
005 20260519161913.0
008 260519c2024 |||hr|j| |||| 00| 0 eng d
022 _a2583-3243
040 _aIIN
245 _aInternational Journal of Research in Medical Surgical Nursing
260 _aUttar Pradesh
_bMAT Journals
_c2020
300 _aVol. 1, No. 1
310 _aTri-annual
_bApril, August, December
650 _aMedical Surgical
_vResearch
_xNursing
856 _uhttps://matjournals.com/International-Journal-of-Research-in-Medical-Surgical-Nursing.html
942 _cSER
_s1
999 _c1896
_d1896